000 00331nam a22001217a 4500
082 _a332.152 SBP
100 _aState Bank of Pakistan
245 _aPakistan: Financial sector assessment 1990-2000
_cState Bank of Pakistan
260 _aKarachi
_bState Bank of Pakistan
_c2000
300 _a186p
563 _aP.B
942 _2ddc
_cBK
999 _c588882
_d588882